|
|
|
|
| LEADER |
02046cas a2200253 a 4500 |
| 001 |
AALejournalIMF021127 |
| 008 |
230101c9999 xx r poo 0 0eng d |
| 020 |
|
|
|c 5.00 USD
|
| 020 |
|
|
|z 9781513551982
|
| 022 |
|
|
|a 1018-5941
|
| 040 |
|
|
|a BD-DhAAL
|c BD-DhAAL
|
| 100 |
1 |
|
|a Cortes, Fabio.
|
| 245 |
1 |
0 |
|a Do Multi-Sector Bond Funds Pose Risks to Emerging Markets? /
|c Fabio Cortes, Luca Sanfilippo.
|
| 264 |
|
1 |
|a Washington, D.C. :
|b International Monetary Fund,
|c 2020.
|
| 300 |
|
|
|a 1 online resource (57 pages)
|
| 490 |
1 |
|
|a IMF Working Papers
|
| 500 |
|
|
|a <strong>Off-Campus Access:</strong> No User ID or Password Required
|
| 500 |
|
|
|a <strong>On-Campus Access:</strong> No User ID or Password Required
|
| 506 |
|
|
|a Electronic access restricted to authorized BRAC University faculty, staff and students
|
| 520 |
3 |
|
|a Emerging economies in the post-crisis period increasingly saw portfolio debt inflows from a type of large international investment fund: Multi-Sector Bond Funds (MSBFs). These investors have lacked adequate representation in the literature. This paper constructs a new detailed database from micro-level MSBF emerging market (EM) holdings from 2009:Q4-2018:Q2. Exploiting this data, the paper assesses the risks they pose to the financial stability of specific emerging bond markets. The data shows that MSBFs are highly concentrated-both in their positions and their decision-making. The empirical results further suggest that MSBFs exhibit opportunistic behavior (and more so than other investment funds). In periods of high risk aversion, large MSBF portfolio reallocations out of EMs can be associated with underperformance of the same markets, signaling the importance of monitoring their footprint and better understanding their asset allocation decisions.
|
| 538 |
|
|
|a Mode of access: Internet
|
| 700 |
1 |
|
|a Sanfilippo, Luca.
|
| 830 |
|
0 |
|a IMF Working Papers; Working Paper ;
|v No. 2020/152
|
| 856 |
4 |
0 |
|z Full text available on IMF
|u http://elibrary.imf.org/view/journals/001/2020/152/001.2020.issue-152-en.xml
|z IMF e-Library
|